Chess Pieces From Other Languages To English II - Statistics

General Stats
  • This quiz has been taken 31 times
  • The average score is 8 of 18
Answer Stats
Language English % Correct
Vasilias King
77%
Rex King
73%
Vasilissa Queen
73%
Regina Queen
73%
Pioni Pawn
64%
Pedes Pawn
64%
Turris Rook
59%
Ippos Knight
55%
Aksiomatikos Bishop
50%
Cursor Bishop
50%
Equus Knight
50%
Pyrgos Rook
45%
Pyādā Pawn
27%
Farzī Queen
18%
Ut Bishop
14%
Ghorā Knight
14%
Bādāh King
5%
Kitī Rook
5%
No matching quizzes found
Score Distribution
Percent of People with Each Score
Percentile by Number Answered
Your Score History
You have not taken this quiz